000 00488nam a2200169 a 4500
001 0000-8686
003 ELIB.Books
008 110520 1982
035 _a(ELIB.Books)0000-8832
082 _a291
_bEer/ 291 And
100 _aEerdmans, William B./ Anderson, J. N. D.
245 _aThe World's Religions
260 _bGrand Rapids: Wm .B.Eerdmans Publishing Company
_c1982
650 _aReligion
942 _2ddc
_cBK
998 _cbat
_e2011-05-20
_mcat
_u2020-09-15
999 _c8686
_d8686